000 00379nam a2200145Ia 4500
008 230312s9999||||xx |||||||||||||| ||und||
020 _a9780470607046
082 _a507.85
_bJES-T
100 _aHwang,O,Enoch
245 0 _aDigital logic and microprocessor design with VHDL
260 _bWiley
_aUSA
_c2011
300 _a176
650 _aComputer
_vElectronic books
942 _cBK
999 _c17837
_d17837